000
00301 a2200145 4500
001
160671
020
_a
040
_c
Magnum
100
_a
Koch, Ingedore Villaca
240
1
0
_a
A coesao textual
_l
por
245
1
0
_a
A coesao textual
362
0
_a
1899
697
_a
PRODUCAO DE TEXTO
942
_c
BK
999
_c
160671
_d
160671